Quizzes
Events
Quiz Creation
Community
Videos
Private Events
Remove Ads
Sign In
Join for FREE
Feedback
Dark Mode
Quiz Categories
Sports
Geography
Music
Movies
Television
Just For Fun
Miscellaneous
History
Literature
Language
Science
Gaming
Entertainment
Religion
Holiday
For Kids
Quiz Lab
Recent
Popular Today
Quiz Kudos Today
Editor Picks
Curator Picks
Quizzes by...
Day
Popularity
Type
Ratings
Length
Year
Community
Subscriptions
Recent Discussions
Orange Saloon
Badges
Playlists
Quests
Create
Leaderboards
Showdown
Live 5
Trivia Bingo
Activity
Puzzle Library
Sporcle Events
Private Events
Virtual Trivia
Globe League
Become a Host
Pub Owners
SporcleCon
Opinionation
Our Games
Videos
Blog
Mobile Apps
Partnerships
Remove Ads and Go Orange
Feedback
Entertainment
Celebrity
Famous
Musical
Broadway
Show
Quote
Comic Books
Anime
Superhero
DC Comics
Marvel
Cartoons
Animation
Entertainment
Celebrity
Famous
Musical
Broadway
Show
Quote
Comic Books
Anime
Superhero
DC Comics
Marvel
Cartoons
Animation
Random Quiz
Search Sporcle
×
Quiz Lab
Quiz Lab
Entertainment
Marvel
Type in answers that appear in a list
Type in answers that appear in a list
Classic
Best Score? Go Orange.
Marvel: Cover Appearances: X-Factor Investigations Stats
Can You Name The Marvel Characters That Shared The Most Front Cover Appearances With The X-Factor Investigations Team?
By
Sepa
6m
29 Questions
338 Plays
338 Plays
338 Plays
Comments
Comments
Give Quiz Kudos
Give Quiz Kudos
-
- Ratings
hide this ad
More Info
Replay
Link that replays current quiz
Next Quiz
Link to next quiz in quiz playlist
You Got
0%
They Got
Avg Score
59%
Avg Friend Score
Upgrade to see
Score Distribution
Jump to the score distribution portion of the page
Score
0/29
Timer
06:00
0
Plays Today
Rank
X-Factor Investigations Characters
% Correct
2.
M
96.4%
1.
Multiple Man (Madrox)
92%
16.
Cyclops
89.9%
4.
Strong Guy
89.3%
6.
Wolfsbane
87%
3.
Morrigan (Siryn)
86.4%
13.
Wolverine
84.9%
12.
Havok
83.7%
11.
Polaris
82.2%
8.
Shatterstar (Mojoverse)
77.2%
5.
Rictor
76.9%
9.
Longshot (Mojoverse)
72.5%
27.
Nogor (Longshot Skrull)
72.5%
7.
Layla Miller (Butterfly)
70.4%
14.
Quicksilver
69.5%
Rank
X-Factor Investigations Characters
% Correct
10.
Darwin
58.6%
21.
Pip the Troll
50%
23.
Rogue
47.7%
25.
Magneto
45.3%
24.
Shadowcat
44.3%
22.
Nightcrawler (Kurt Wagner)
43.6%
26.
Thor
30.8%
19.
Mephisto
22.1%
15.
Damian Tryp
19.8%
20.
Skrulls
12.7%
18.
The Isolationist
9.2%
28.
Satana
5.8%
17.
Cortex
4.7%
29.
Asmodeus
4.5%
Quiz Playlist
Details
Report
Send in Message
Add To Playlist
More Info:
3 FRONT COVER APPEARANCES NEEDED. THINK X-FACTOR INVESTIGATIONS & THIER ENEMIES, HELL-LORDS & X-MEN MEMBERS. ^ DENOTES FORMER MEMBERS. (US REPRINTS INCLUDED)
Classic:
Type in answers that appear in a list
Quiz Source
Last Updated: Jun 25, 2023
Quiz Scoreboard
CHALLENGE
Sign Up to Join the Scoreboard
Show All
Scores
Hide
Comments
May contain spoilers
Recently Published
One Thing in Common: World Cities II
by knightlancer
Geography
7m
Popular People in 1961
by mucciniale
History
6m
1-10 Letter E Words III
by El_Dandy
Language
2m
More to Explore
Quiz From the Vault
Featured Blog Post
Where Did the Easter Bunny Come From?
hide this ad
You Might Also Like...
Tags
Comic Books Quiz
Marvel Quiz
appearance
Character
Cover
front
Investigation
Marvel Characters
Most
Shared
team
X-Factor
Today's Top Quizzes in Entertainment
Browse Entertainment
hide this ad
Today's Top Quizzes in Marvel
Browse Marvel
Top Contributed Quizzes in Entertainment
1
Kamen Rider Motifs
2
Dragon Ball Z: Mega Character Search
3
Undead Unluck Minefield
4
Dragon Ball Z: Goku's Fights in Order
5
Survivor Winners Logic Quiz
6
Who Wants to Be a Millionaire: Anime Edition
7
10-to-1 Anime Arc Sorting Gallery
8
Criteria Quickie: Cartoon Taxonomy II
9
Ana Gasteyer or Kathryn Hahn?
10
One Piece 11-1
Explore More
Trending Topics
Crossword
NBA
Anime
Harry Potter
Kpop
Marvel
Disney
NFL
Pokémon
Song
The Office
Puzzle
Soccer
Country
WWE
hide this ad
More By:
Sepa
Quiz
Plays
Rating
Category
Featured
Created
Marvel Characters (A-Z)
218,188
4.22
Entertainment
May 5, 2011
Marvel: Most Published Characters 1-100
181,437
4.44
Entertainment
May 1, 2010
NBA Double-Double Averages (2000-2010)
146,202
4.30
Sports
Dec 1, 2010
DC Comics: Most Published Characters 1-100
93,388
3.97
Entertainment
Jan 3, 2011
1970s World History
91,157
4.23
History
Feb 3, 2010
Go to Creator's Profile
Score Distribution
Quiz Creator Spotlight
Sepa
Follow
Send a Message
Quizzes Created
-
Created Quiz Play Count
-
More By This Creator
Popular Quizzes Today
1
Find the US States - No Outlines Minefield
2
The Countries of the World
3
Popular People in 1961
4
Find the Countries of Europe - No Outlines Minefield
5
1-10 Letter E Words III
6
Find the US States
7
One Thing in Common: World Cities II
8
US States
More Entertainment Quizzes
Comic Character by Cover Artist Pt 32 (John Romita Jr)
Quiz Lab
Trending Quizzes
1-10 Letter F Words
1-10 Letter G Words
Risky Map Clicking: Next State Alphabetically
1-10 Letter F Words II
Risky Map Clicking: States by Unique Starting Letters
Recently Updated
Leaping Animals
pecheneg
Reality TV Shows (A-Z)
bhenderson79
Rickey Henderson's Hall of Fame Teammates
pecheneg
Champions League XIs: Arsenal
pecheneg
Quick Pick: Celebrities in WWE's Hall of Fame
aduchscher
A-Z Keypad Blitz II
pecheneg
Multiple Oscar Actors
pecheneg
Mystery Phrase Blitz: Oscar 'Best Actors'
pecheneg
F. Scott Fitzgerald Novels
LTH
Pick 3 Villains
ddd62291
Trending Topics
NBA
Disney
Crossword
Marvel
Harry Potter
Anime
Kpop
Song
Soccer
Country
NFL
The Office
WWE
Pokémon
Puzzle
Your Account Isn't Verified!
In order to create a playlist on Sporcle, you need to verify the email address you used during registration. Go to your
Sporcle Settings
to finish the process.
Report this User
Report this user for behavior that violates our
Community Guidelines
.
Details:
Send Report
Go to the Sporcle.com Mobile Site →
Comments